Zamość - quiz wielokrotnego wyboru - Statystyki

Ogólne statystyki
  • Ten quiz został rozwiązany 623 razy
    598 od ostatniego zresetowania
  • Średni wynik to 6 z 10
Statystyki odpowiedzi
Zagadnienie Odpowiedź % Poprawnych
Kto jest założycielem miasta Zamość? Jan Zamoyski
87%
Jak nazywa się klub piłkarski z Zamościa, założony w 1934 roku? Hetman Zamość
81%
Synagoga w Zamościu, została zlikwidowana podczas jakiej wojny? II wojna światowa
75%
Jak brzmi przydomek Zamościa? Perła Renesansu
75%
Która flaga jest flagą Zamościa?
74%
Która z poniższych osób urodziła się w Zamościu? Marek Grechuta
58%
W Zamościu znajduje się najstarszy tego typu obiekt w Polsce, założony w XVII wieku. Jaki to obiekt? Apteka
46%
Jak nazywa się słynny rynek w Zamościu? Rynek Wielki
45%
Który apostoł widnieje na herbie Zamościa? Tomasz
25%
Zamojskie Stare Miasto zostało wpisane na listę UNESCO w którym roku? 1992
22%
Nie znaleziono quizów pasujących do podanych kryteriów
Rozkład punktacji
Procent ludzi z każdym wynikiem
Percentyl według liczby udzielonych odpowiedzi
Twoja historia wyników
Nie rozwiązałeś tego quizu od ostatniego zresetowania